Estatísticas para Cultura Geral

Clique aqui para jogar o quiz

Estatísticas Gerais

  • Esse quiz foi jogado 15 vezes
  • A pontuação média é 9 de 15

Estatísticas das Respostas

HintResposta% Correto
Que nome damos a uma Casa de Jogo onde se pode jogar através do uso do dinheiro?Cassino
93%
O Happy Meal é uma refeição vendida em qual cadeia de fast-food?McDonald's
79%
O Cheesecake é um doce típico de que país?Estados Unidos
71%
O pão de alho teve origem em que país?Itália
71%
Que elemento arquitetónico tem como função a divisão ou vedação dos espaços?Parede
71%
Em que país podemos encontrar o Hyde Park?Reino Unido
71%
Que nome damos a uma expulsão forçada do conteúdo gástrico por via oral?Vómito
71%
Que nome damos á modalidade da arte de montar a cavalo que compreende todas as práticas desportivas que envolvam este animal?Hipismo
64%
Que árvore dá o pêssego?Pessegueiro
57%
Que nome damos a um corpo celeste sem processo interno de fusão nuclear que orbita sistemas estelares?Planeta
57%
Que nome damos a um edifício licenciado para albergar pessoas de forma temporária?Hotel
50%
Que nome damos á arte de criar, treinar e cuidar de falcões e outras aves de rapina para a caça?Falcoaria
36%
Que nome damos a cada uma das partes em um contrato de sociedade?Sócio
36%
Que nome damos a uma área plana de abundante vegetação herbácea e/ou arbustiva que permanece grande parte do tempo inundada?Pântano
29%
Que ramo da agricultura estuda as técnicas de produção e aproveitamento dos frutos, hortaliças, árvores, arbustos e flores?Horticultura
0%

Distribuição das Pontuações

Percentil de Números Respondidos

Porcentagem de Pessoas com Cada Pontuação

Sua Pontuação Histórica

Você não jogou esse quiz